Pays francophones du monde - Statistiques

Statistiques générales
  • Ce quiz a été pris 80 fois
  • Le résultat moyen est 30 sur 39
Réponses sur la Carte
Les réponses sont colorées sur une échelle allant du rouge au vert en fonction du pourcentage des utilisateurs qui les ont devinées à leur premier essai. Vous pouvez retrouver ces pourcentages ci-dessous.
 
Statistiques - réponses
Pays Locuteurs % Correct
France 68,600,000
100%
Maroc 18,457,000
100%
Tunisie 6,321,000
98%
Algérie 19,987,000
97%
Belgique 8,815,000
97%
Suisse 5,889,000
97%
Sénégal 4,640,000
95%
Canada 11,061,000
92%
Mali 3,702,000
91%
République Démocratique du Congo 48,925,000
89%
République du Congo 3,900,000
88%
Cameroun 11,491,000
86%
Mauritanie 656,000
86%
Niger 3,000,000
85%
Côte d'Ivoire 9,325,000
83%
Luxembourg 591,000
80%
Guinée 3,777,000
78%
Madagascar 7,700,000
78%
Andorre 54,000
77%
Bénin 4,306,000
77%
Gabon 1,519,000
77%
Monaco 39,000
77%
Tchad 2,249,000
74%
Burkina Faso 5,404,000
72%
Maurice 926,000
71%
Togo 3,554,000
71%
Comores 237,000
69%
Liban 2,540,000
68%
République Centrafricaine 1,435,000
68%
Haïti 4,906,000
65%
Gambie 512,000
63%
Rwanda 725,000
62%
Seychelles 53,000
60%
Burundi 1,074,000
58%
Djibouti 508,000
58%
Italie 11,797,000
57%
Portugal 2,547,000
43%
Vanuatu 100,000
37%
São Tomé et Principe 46,000
31%
Aucun quiz correspondant
Distribution des résultats
% des personnes avec chaque résultat
Percentile par nombre de réponses
Votre historique - résultats
Vous n’avez pas pris ce quiz